Statistiken für Champions League Topscorer 1997/98

Klicken Sie hier um das Quiz zu spielen!

Allgemein

  • Dieses Quiz wurde 8 mal gespielt
  • Das Durchschnittsergebnis liegt bei 7 aus 18

Antwortstatistiken

RangNationVereinToreAntwort% Korrekt
2FrankreichAS Monaco7Thierry Henry
100%
1ItalienJuventus10Alessandro del Piero
88%
5UkraineDynamo Kiev5Andriy Shevchenko
88%
3ItalienAC Milan6Filippo Inzaghi
88%
7DeutschlandBayern München4Carsten Jancker
63%
7SchweizBVB4Stephane Chapuisat
63%
7KroatienReal Madrid4Davor Šuker
50%
7FrankreichAS Monaco4David Trezeguet
38%
7BrasilienBayer Leverkusen4Emerson
38%
5EnglandManchester United5Andy Cole
25%
7SpanienReal Madrid4Morientes
25%
3UkraineDynamo Kiev6Serhiy Rebrov
13%
7DeutschlandBayer Leverkusen4Stefan Beinlich
13%
7NigeriaAS Monaco4Victor Ikpeba
13%
7NorwegenRosenborg4Harald Brattbakk
0%
7TürkeiBesiktas4Oktay Derelioglu
0%
7NorwegenRosenborg4Roar Strand
0%
7NorwegenRosenborg4Sigurd Rushfeldt
0%

Verteilung der Resultate

Perzentil nach korrekt beantworteten Fragen

Anzahl Personen mit jedem Resultat

Ihre Resultats-Entwicklung

Sie haben dieses Quiz noch nicht gespielt